Tonga-Quiz - Statistiken

Allgemein
  • Dieses Quiz wurde 959 mal gespielt
  • Das Durchschnittsergebnis liegt bei 10 aus 16
Antwortstatistiken
Frage Antwort % Korrekt
Amtssprachen Englisch
98%
Länder, die Tonga am nächsten liegen Fidschi
86%
Regierungsform Tongas Konstitutionelle {Monarchie}
86%
Inselregion Ozeaniens, in welcher sich Tonga befindet {Poly}nesien
86%
Länder, die Tonga am nächsten liegen Samoa
83%
Land, das 1900–1970 die Außenpolitik Tongas kontrollierte, jedoch nie die legale Kontrolle über die Souveränität besaß Vereinigtes Königreich
79%
Objekt auf der Flagge Tongas Kreuz
69%
Nationale Sportart Rugby Union
66%
Fledermausart, die vom König Tongas verehrt wird Flug{hund}
63%
Hauptstadt Nukuʻalofa
62%
Amtssprachen Tongaisch
52%
Niederländischer Seefahrer und erster Europäer auf Tonga, in 1643 Abel Tasman
42%
18% der Tongaern gehören dieser U.S.-amerikanischen Konfession an Heiligen der Letzten Tage
41%
Währung Pa'anga
20%
Hauptinsel der Tonga-Inselgruppe Tonga{tapu}
18%
Spitzname Tongas gemäß Captain James Cook The {Friendly} Islands
17%
Keine übereinstimmenden Quizze gefunden
Verteilung der Resultate
Anzahl Personen mit jedem Resultat
Perzentil nach korrekt beantworteten Fragen
Ihre Resultats-Entwicklung
Sie haben dieses Quiz noch nicht gespielt